Sneakers par image #2 - Statistiques

Statistiques générales
  • Ce quiz a été pris 665 fois
    652 depuis la dernière actualisation
  • Le résultat moyen est 7 sur 16
Statistiques - réponses
Par images Réponse % Correct
Jordan 3
98%
ugg
88%
Air max 95
79%
yeezy slide
72%
TN
69%
P-6000
50%
Jordan 11
47%
2002r
43%
Gazelle
43%
Cortez
34%
Kobe 8
16%
Yeezy 700 v3
15%
Blazer Mid
7%
Flower Instincts
3%
zoom vomero 5
2%
Travis Scott air Jordan 1
0%
Aucun quiz correspondant
Distribution des résultats
% des personnes avec chaque résultat
Percentile par nombre de réponses
Votre historique - résultats
Vous n’avez pas pris ce quiz depuis la dernière actualisation